| 000 | 00498nam a2200193 u 4500 | ||
|---|---|---|---|
| 005 | 20220615063501.0 | ||
| 008 | 070829s1993 r 000 0 eng d | ||
| 020 | _a208070737X | ||
| 035 | _aUPN01000151598 | ||
| 049 | _aCG | ||
| 050 | 4 |
_aPQ2349 A5 _bB4.4 |
|
| 100 | 1 |
_aMaupassant, Guy de, _d1850-1893 _929035 |
|
| 245 | 1 | 0 |
_aBel-Ami / _cMaupassant. |
| 260 |
_aParis : _bFlammarion, _c1993. |
||
| 300 | _a402 p. | ||
| 440 | 0 |
_aGF ; _v737 |
|
| 650 | 0 |
_aLiteratura francesa _95152 |
|
| 905 | _aLibro | ||
| 999 |
_c123734 _d123734 |
||